Análisis de la tendencia histórica del mercado de la construcción en Costa Rica para el período 1996 a 2005
Guardado en:
| Hovedforfatter: | |
|---|---|
| Andre forfattere: | |
| Format: | Bog |
| Udgivet: |
[San José, Costa Rica]
2007
|
| Fag: | |
| Tags: |
Tilføj Tag
Ingen Tags, Vær først til at tagge denne postø!
|
MARC
| LEADER | 00000nam a2200000Ia 4500 | ||
|---|---|---|---|
| 003 | 009955 | ||
| 005 | 20240315074711.0 | ||
| 008 | 140114s2007 cr a 000 ||s d | ||
| 040 | |c cru CEDI | ||
| 090 | |a TFG 5484 | ||
| 100 | |a Villalobos Elizondo, Pablo César , 1981- |9 2642 | ||
| 245 | |a Análisis de la tendencia histórica del mercado de la construcción en Costa Rica para el período 1996 a 2005 | ||
| 260 | |b [San José, Costa Rica] |c 2007 | ||
| 300 | |a xix, 226, [18] hojas; ilustraciones a color | ||
| 500 | |a Proyecto de graduación (licenciatura en ingeniería civil)--Universidad de Costa Rica. Facultad de Ingeniería. Escuela de Ingeniería Civil | ||
| 501 | |a Director del Proyecto de Graduación: Ing. Robert Anglin Fonseca, M.Sc. | ||
| 650 | |x CONSTRUCCION -COSTA RICA |x CONSTRUCCION - INSPECCION - COSTA RICA |x MUNICIPALIDADES - COSTA RICA |x INDUSTRIA DE LA CONSTRUCCION - COSTA RICA |9 4806 | ||
| 700 | |a Anglin Fonseca, Robert Anthony, 1967- |d Director del TFG |9 186 | ||
| 942 | |c TFG |h TFG 5484 |i 009955 |6 TFG_5484_009955000000000 | ||
| 999 | |c 16793 |d 16793 | ||
